ARRUPE JESUIT UNIVERSITY

CORONAVIRUS -STOP THE SPREAD - CLEAN,DISINFECT,COVER
Normal view MARC view

Entry Geographic Name

Number of records used in: 1

001 - CONTROL NUMBER

  • control field: 51304

003 - CONTROL NUMBER IDENTIFIER

  • control field: ARRUPE

005 - DATE AND TIME OF LATEST TRANSACTION

  • control field: 20220411093302.0

008 - FIXED-LENGTH DATA ELEMENTS

  • fixed length control field: 220411|| aca||aabn | a|a d

040 ## - CATALOGING SOURCE

  • Original cataloging agency: ARRUPE
  • Transcribing agency: ARRUPE

151 ## - HEADING--GEOGRAPHIC NAME

  • Geographic name: Germany
  • General subdivision: Colonies
  • Geographic subdivision: Africa
  • General subdivision: History
  • Chronological subdivision: 20th century
  • Form subdivision: Fiction

670 ## - SOURCE DATA FOUND

  • Source citation: Work cat.: (ARRUPE)131293: Gurnah, Abdulrazak, 1948- author. 51290, Afterlives /, 2021

 

Arrupe Library. PO Box MP320 Mt Pleasant, Harare, Zimbabwe
263 242 745411|librarian@aju.ac.zw